000 00496nam a2200169Ia 4500
005 20250424120240.0
008 250424s9999 xx 000 0 und d
022 _a23407363
050 _aHD 28 .I23/
245 0 _aIBBUL ACADEMIC: a humanities, social sciences and management based journal
260 _aNiger state, Nigeria
260 _bIbrahim Badamasi Babangida University
260 _c2015
300 _ax, 274 p. :ill. ; 20 cm.
650 _aManagement--Periodicals.
942 _cSR
999 _c38239
_d38239